Statystyki dla Czy odgadniesz te 21 losowych państw?

Kliknij tutaj aby rozwiązać quiz!

Ogólne statystyki

  • Ten quiz został rozwiązany 279 razy
    (260 od ostatniego zresetowania)
  • Średni wynik to 16 z 21

Odpowiedzi na mapie

Odpowiedzi skodowane kolorowo w zielono-czerwonej skali na mapie do tego quizu, zgodnie z poniższymi procentami.
 

Statystyki odpowiedzi

Kraj% Poprawnych
Algieria
100%
Angola
100%
Armenia
100%
Australia
100%
Austria
100%
Bahamy
100%
Bangladesz
100%
Belize
100%
Białoruś
100%
Boliwia
100%
Brazylia
100%
Bułgaria
100%
Burkina Faso
100%
Burundi
100%
Chile
100%
Chiny
100%
Chorwacja
100%
Cypr
100%
Czad
100%
Czechy
100%
Dania
100%
Egipt
100%
Estonia
100%
Eswatini
100%
Filipiny
100%
Francja
100%
Gabon
100%
Grecja
100%
Holandia
100%
Indie
100%
Indonezja
100%
Irak
100%
Iran
100%
Islandia
100%
Jemen
100%
Kamerun
100%
Kanada
100%
Kolumbia
100%
Komory
100%
Korea Północna
100%
Kostaryka
100%
Lesotho
100%
Liban
100%
Libia
100%
Litwa
100%
Łotwa
100%
Madagaskar
100%
Maroko
100%
Meksyk
100%
Mołdawia
100%
Mongolia
100%
Mozambik
100%
Nepal
100%
Niemcy
100%
Niger
100%
Norwegia
100%
Pakistan
100%
Panama
100%
Papua-Nowa Gwinea
100%
Paragwaj
100%
Peru
100%
Polska
100%
Portugalia
100%
Republika Południowej Afryki
100%
Rosja
100%
Rumunia
100%
Senegal
100%
Serbia
100%
Słowenia
100%
Somalia
100%
Sri Lanka
100%
Sudan
100%
Szwecja
100%
Tanzania
100%
Turcja
100%
Uzbekistan
100%
Wielka Brytania
100%
Wietnam
100%
Włochy
100%
Wyspy Salomona
100%
Zimbabwe
100%
Zjednoczone Emiraty Arabskie
100%
Demokratyczna Republika Konga
86%
Gwatemala
86%
Mali
83%
Tadżykistan
83%
Etiopia
80%
Finlandia
80%
Irlandia
80%
Izrael
80%
Kazachstan
80%
Kenia
80%
Kuwejt
80%
Nikaragua
80%
Nowa Zelandia
80%
Tajlandia
80%
Turkmenistan
80%
Ukraina
80%
Azerbejdżan
75%
Belgia
75%
Czarnogóra
75%
Ghana
75%
Gujana
75%
Gwinea Bissau
75%
Hiszpania
75%
Japonia
75%
Jordania
75%
Kuba
75%
Namibia
75%
Oman
75%
Słowacja
75%
Stany Zjednoczone
75%
Szwajcaria
75%
Tajwan
75%
Togo
75%
Tunezja
75%
Węgry
75%
Wenezuela
75%
Dżibuti
71%
Nigeria
71%
Uganda
71%
Afganistan
67%
Argentyna
67%
Benin
67%
Gambia
67%
Gwinea Równikowa
67%
Macedonia Północna
67%
Seszele
67%
Syria
67%
Urugwaj
67%
Honduras
63%
Bhutan
60%
Bośnia i Hercegowina
60%
Dominikana
60%
Jamajka
60%
Mikronezja
60%
Republika Środkowoafrykańska
60%
Zambia
60%
Albania
50%
Arabia Saudyjska
50%
Ekwador
50%
Erytrea
50%
Fidżi
50%
Gruzja
50%
Kambodża
50%
Katar
50%
Kirgistan
50%
Laos
50%
Malezja
50%
Mjanma
50%
Rwanda
50%
Salwador
50%
Sudan Południowy
50%
Surinam
50%
Timor Wschodni
50%
Vanuatu
50%
Wyspy Marshalla
50%
Mauritius
43%
Wybrzeże Kości Słoniowej
43%
Botswana
40%
Haiti
40%
Kosowo
40%
Palau
40%
Kiribati
33%
Malawi
33%
Mauretania
33%
Republika Zielonego Przylądka
33%
Gwinea
29%
Kongo
0%
Korea Południowa
0%
Liberia
0%
Sierra Leone
0%
Trynidad i Tobago
0%

Rozkład punktacji

Percentyl według liczby udzielonych odpowiedzi

Procent ludzi z każdym wynikiem

Twoja historia wyników

Nie rozwiązałeś tego quizu od ostatniego zresetowania